One piece trivia - Statistics

General Stats
  • This quiz has been taken 5,170 times
  • The average score is 9 of 12
Answer Stats
Hint Answer % Correct
Defeated Rob Lucci Luffy
97%
Son of Garp Dragon
96%
Cyborg Franky
96%
The pirate who left his treasure at Raftel Roger
96%
Smokes 2 cigars Smoker
95%
Hero of the Marines Garp
94%
The first eater of the mera mera no mi (in the story) Ace
92%
Second eater of the mera mera no mi Sabo
90%
Ate the ito ito no mi Doflamingo
57%
Ability of Luffy revealed in Dressrosa Gear 4th
50%
First fleet admiral Kong
29%
First canon character to be introduced Ryuma
6%
No matching quizzes found
Score Distribution
Percent of People with Each Score
Percentile by Number Answered
Your Score History
You have not taken this quiz